000 00514cam a2200193ua 4500
001 387
008 110331n ii |||gr||||Z||||||eng
020 _a19-562094-1
040 _cMAIN
082 _a320.5
245 1 2 _aCrisis of political theory. :
_binquiry into contemporary. /
_cBy Om Bakshi.
250 _a1st.
260 _aCalcutta.:
_bOxford university.,987.
300 _ax, 130 p.:4 cm.
653 _aPolitical science.
653 _aCrisis of political theory.
700 _aBakshi, Om.,
942 _cBK
999 _c333
_d333